000 00729cam a22002653a 4500
001 19994
003 PGUSA
005 20140828083425.0
008 061202s2006||||xxu|||||s|||||000 | eng d
040 _aPGUSA
_beng
042 _adc
050 4 _aPZ
100 1 _aAesop
245 1 4 _aThe Aesop for Children :
_bWith pictures by Milo Winter
_h[electronic resource] /
_cAesop
260 _bProject Gutenberg,
_c2006
506 _aPublic domain in the USA.
516 _aElectronic text
653 _aFables
653 _aFolklore
653 _aAesop's fables -- Adaptations
700 1 _aWinter, Milo,
_d1888-1956
830 0 _aProject Gutenberg
_v19994
856 4 0 _uhttp://www.gutenberg.org/ebooks/19994
942 _cEB
999 _c249249
_d249249